Responses for show #4457 - Tuesday, January 13, 2004

Tom Walsh game 7.
First 7-day champion.

Contestants

Meg Wall-Wild, a publications editor from Madison, Wisconsin

Dave Fuller, a high school teacher from Midlothian, Virginia

Tom Walsh, a writer from Washington, D.C. (whose 6-day cash winnings total $152,900)

Jeopardy! Round responses

MEDICAL MATTERS
NO. 1 HITS IN OTHER WORDS
A McCATEGORY
STATE STUFF
CLOTHES ENCOUNTERS
OF THE "THIRD" KIND
    $200 26
orthodontics

Dave
    $200 1
"Beat It"

Dave
    $200 19
McJob

Tom
    $200 7
Michigan

Meg
    $200 12
Cats

Tom
    $200 2
third world

Dave
    $400 27
through the nose

Dave
    $400 13
"Venus"

Meg
    $400 22
John McCain

Tom
    $400 8
buffalo

Dave
    $400 14
hat

Meg
    $400 3
the Third Reich

Meg
    $600 28
polio

Tom
    $600 17
"We Didn't Start the Fire"

Tom
    $600 23
MacPherson strut

Meg
    $1,000 9
(Alex: The Will Rogers Memorial...Will & Wiley were good friends.)

Oklahoma

Dave
    $600 15
Britain

Meg
    $600 4
third base

Meg
    $800 29
Attention Deficit Disorder

Dave
    $800 18
"Walk Like an Egyptian"

Dave
    $800 24
McMurdo

Meg
    $800 10
the Nautilus

Meg
    $800 16
jockeys

Dave
    $800 5
third person

Meg
    $1000 30
(Alex: And for the first time in a long time, Tom will get to choose first in Double Jeopardy.)

Fen-phen

Meg
    $1000 20
"Un-Break My Heart"

Dave
    $1000 25
Sam McGee

Meg
    $1000 11
the Morgan horse

Meg
    $1000 21
Hillary Clinton

Meg
    $1000 6
the Third Eye

Meg

Scores at the first commercial break (after clue 15):

Tom Dave Meg
$200 $1,800 $6,200

Scores at the end of the Jeopardy! Round:

Tom Dave Meg
$2,000 $5,800 $10,600

Double Jeopardy! Round responses

BERLIN IS IN!
(Alex: Alright!)
MOVIE VILLAINS
PIRATES: FACT & FICTION
FILL IN THE RELATION
THE ART WORLD
WHAT YOU'RE LEFT WITH
    $400 7
John F. Kennedy

Dave
    $400 1
Darth Vader

Dave
    $400 26
"Treasure Island"

Meg
    $400 16
Brothers

Dave
    $400 20
a roof

Dave
    $400 6
12

Dave
    $800 8
a church

Tom
    $800 2
(Tom: What is the Ugly?)

the Bad

TomDave
    $800 27
Blackbeard

Meg
    $800 17
Uncle

Tom
    $800 22
Auguste Rodin

Meg
    $800 12
6

Dave
    $1200 9
the Berlin Airlift

Tom
    $1200 3
Die Hard

Dave
    $1200 28
The Pirates of Penzance

Tom
    $1200 18
Mother

Dave
    $1200 23
Jan Vermeer

Tom
    $1200 13
an octet

Dave
    $1600 10
Leni Riefenstahl

Tom
    $1600 4
Deliverance

Tom
    $1600 29
(British) Virgin Islands

Tom
    $1600 19
Grandpa

Meg
    $1600 24
Ovid

Tom
    $3,000 14
(Alex: You were probably good at math at school too!)

113

Dave
    $2000 11
the Bundestag

Tom
    $2,500 5
Cruella de Vil

Tom
    $2000 30
(Meg: Who is Kidd?)

Sir Henry Morgan

Meg
Triple Stumper
    $2000 21
Aunt

Meg
    $2000 25
(Meg: Who is Winslow Homer?)

Thomas Eakins

Meg
Triple Stumper
    $2000 15
5

Triple Stumper

Scores at the end of the Double Jeopardy! Round:

Tom Dave Meg
$17,300 $16,000 $12,200

[wagering suggestions for these scores]

Final Jeopardy! Round responses

DEADLY FIRSTS
(Alex: A famous brother was at the controls... Orville Wright was the pilot.)
MegWhat is an Airplane Crash?
$12,000
DaveWhat is an Airplane Crash?
$16,000
TomWhat is Airplane Crash?
$14,700
an airplane crash

Final scores:

Tom Dave Meg
$32,000 $32,000 $24,200
7-day co-champion: $184,900 New co-champion: $32,000 2nd place: $2,000

Game dynamics:

Coryat scores:

Tom Dave Meg
$16,800 $14,200 $12,200
16 R
(including 1 DD),
1 W
21 R
(including 2 DDs),
0 W
20 R,
2 W

Combined Coryat: $43,200

The J! Archive is created by fans, for fans. The Jeopardy! game show and all elements thereof, including but not limited to copyright and trademark thereto, are the property of Jeopardy Productions, Inc. and are protected under law. This website is not affiliated with, sponsored by, or operated by Jeopardy Productions, Inc. Join the discussion at JBoard.tv.